000 007790000a22003250004500
500 _aBibliography at the end of each chapter
650 _aForestry
650 _aNature
650 _aEnvironment
650 _aCommunity forestry
650 _aForest conservation
650 _aForest land
651 _aCameroon
651 _aIndonesia
651 _aPhilippines
650 _aRubber tappers
082 _a634.9
_bD721f
518 _a20060228
530 _aM
100 _aDoornbos, Martin
100 _aSaith, Ashwani
100 _aWhite, Ben, ed.
245 _aForests; nature, people, power
020 _a0-631-22188-3
260 _aHague
_bBlackwell Publishers
260 _c2000
300 _avi, 366p.
_billus
041 _aEng
942 _cGEN
999 _c35796
_d35796